ՀՀ Գիտությունների ազգային ակադեմիայի հիմնարար գիտական գրադարան  =   Fundamental Scientific Library of NAS RA

Основания политической экономии Д.С. Милля : (Record no. 542085)

MARC details
000 -LEADER
fixed length control field 01053nam a22002177a 4500
003 - CONTROL NUMBER IDENTIFIER
control field AM-YEHGA
005 - DATE AND TIME OF LATEST TRANSACTION
control field 20260403152027.0
008 - FIXED-LENGTH DATA ELEMENTS--GENERAL INFORMATION
fixed length control field 170913s1909 ru c||||r|||||000|0|rus||
040 ## - CATALOGING SOURCE
Original cataloging agency AM-YEHGA
041 1# - LANGUAGE CODE
Language code of text/sound track or separate title rus
Language code of original eng
001 - CONTROL NUMBER
control field 1323957
100 1# - MAIN ENTRY--PERSONAL NAME
Personal name Милль, Джон Стюарт
245 10 - TITLE STATEMENT
Title Основания политической экономии Д.С. Милля :
Remainder of title С портретом переводчика 1859 г. /
Statement of responsibility, etc. Д.-С. Милля ; Пер. и примеч. Н.Г. Чернышевского.
246 ## - VARYING FORM OF TITLE
Title proper/short title Основания политической экономии Джона Стюарта Милля
260 ## - PUBLICATION, DISTRIBUTION, ETC.
Place of publication, distribution, etc. Санкт-Петербург :
Name of publisher, distributor, etc. Тип. М.М. Стасюлевича,
Date of publication, distribution, etc. 1909.
300 ## - PHYSICAL DESCRIPTION
Extent VI, [2], 664 с., 1 л. портр. ;
Dimensions 25 см.
650 14 - SUBJECT ADDED ENTRY--TOPICAL TERM
Topical term or geographic name entry element Экономика. Экономические науки
650 14 - SUBJECT ADDED ENTRY--TOPICAL TERM
Topical term or geographic name entry element Политическая экономия
700 1# - ADDED ENTRY--PERSONAL NAME
Personal name Чернышевский, Николай Гаврилович,
Dates associated with a name 1828-1889
Relator term пер.
Relationship trl
942 ## - ADDED ENTRY ELEMENTS (KOHA)
Source of classification or shelving scheme Universal Decimal Classification
Koha item type Գրքեր / Books
Holdings
Withdrawn status Lost status Damaged status Not for loan Collection Home library Current library Date acquired Total checkouts Full call number Barcode Date last seen Price effective from Koha item type Public note
        Kusikian Individual Collection Fundamental Scientific Library Fundamental Scientific Library 31/03/2026   Кус/6650 FL0704305 31/03/2026 31/03/2026 Գրքեր / Books ILL Non-Circ.


ՀՀ ԳԱԱ հիմնարար գիտական գրադարան
ՀՀ,Երևան 0019
Մարշալ Բաղրամյան 24/6
հեռախոս:(374-10) 52-47-50
Հետադարձ կապ

All site content, except where otherwise noted, is licensed under a
Creative Commons License